When a state turns on its citizens (Record no. 5239)
[ view plain ]
| 000 -LEADER | |
|---|---|
| fixed length control field | 00562nam a2200217Ia 4500 |
| 003 - CONTROL NUMBER IDENTIFIER | |
| control field | 0100 |
| 008 - FIXED-LENGTH DATA ELEMENTS--GENERAL INFORMATION | |
| fixed length control field | 130227s9999 xx 000 0 und d |
| 020 ## - INTERNATIONAL STANDARD BOOK NUMBER | |
| International Standard Book Number | 9781431401116 |
| 040 ## - CATALOGING SOURCE | |
| Transcribing agency | ARRUPELIB |
| 050 ## - LIBRARY OF CONGRESS CALL NUMBER | |
| Classification number | DT2996.S121 2011 |
| 100 ## - MAIN ENTRY--PERSONAL NAME | |
| Personal name | Sachikonye, Lloyd |
| 9 (RLIN) | 31977 |
| 245 ## - TITLE STATEMENT | |
| Title | When a state turns on its citizens |
| 245 ## - TITLE STATEMENT | |
| Remainder of title | 60 years of institutionalised violence in Zimbabwe |
| 260 ## - PUBLICATION, DISTRIBUTION, ETC. (IMPRINT) | |
| Name of publisher, distributor, etc | Jacana Media |
| Place of publication, distribution, etc | Auckland Park, South Africa |
| Date of publication, distribution, etc | 2011 |
| 300 ## - PHYSICAL DESCRIPTION | |
| Extent | xxii |
| 300 ## - PHYSICAL DESCRIPTION | |
| Other physical details | 121p 21cm |
| 650 ## - SUBJECT ADDED ENTRY--TOPICAL TERM | |
| Topical term following geographic name as entry element | Zimbabwe |
| General subdivision | Politics |
| Chronological subdivision | 1980- |
| 9 (RLIN) | 17606 |
| 650 ## - SUBJECT ADDED ENTRY--TOPICAL TERM | |
| Topical term following geographic name as entry element | Violence |
| Geographic subdivision | Zimbabwe |
| 9 (RLIN) | 22681 |
| 942 ## - ADDED ENTRY ELEMENTS (KOHA) | |
| Source of classification or shelving scheme | Library of Congress Classification |
| Koha issues (borrowed), all copies | 5 |
| Item type | Monograph ( Printed materials) |
| Withdrawn status | Lost status | Source of classification or shelving scheme | Damaged status | Not for loan | Collection code | Home library | Current library | Shelving location | Date acquired | Total Checkouts | Full call number | Barcode | Date last seen | Date last borrowed | Copy number | Price effective from | Koha item type |
|---|---|---|---|---|---|---|---|---|---|---|---|---|---|---|---|---|---|
| Library of Congress Classification | Main Collection | ARRUPE LIBRARY | ARRUPE LIBRARY | 27/02/2013 | 15 | DT2996.S121 2011 | 46406747 | 10/05/2025 | 14/01/2025 | 1 | 27/02/2013 | Monograph ( Printed materials) | |||||
| Library of Congress Classification | Main Collection | ARRUPE LIBRARY | ARRUPE LIBRARY | 27/02/2013 | 2 | DT2996.S121 2011 | 46406748 | 07/12/2017 | 16/03/2016 | 2 | 27/02/2013 | Monograph ( Printed materials) |